Common Acronyms for Mechanics - Statistics

General Stats
  • This quiz has been taken 47 times
  • The average score is 6 of 15
Answer Stats
Hint Answer % Correct
AWD all wheel drive
97%
RWD rear wheel drive
97%
4WD four wheel drive
94%
FWD front wheel drive
90%
AC air conditioning
71%
OHC over head cam
45%
OHV over head valve
42%
AC alternating current
29%
ABS anti lock brake system
29%
MAFS mass air flow sensor
23%
PS power steering
10%
PCM powertrain control module
6%
CPS crankshaft position sensor
3%
HPOP high pressure oil pump
3%
CPS camshaft position sensor
0%
No matching quizzes found
Score Distribution
Percent of People with Each Score
Percentile by Number Answered
Your Score History
You have not taken this quiz